000 00559nam a22002057a 4500
003 NLp
005 20140310183102.0
008 130304t xxu||||| |||| 00| 0 eng d
020 _a9714205840
050 _aPL6061
_b.L195 2004
082 _aFil 899.21107
_bL153a 2004
245 _aAng ating panitikang Filipino
_cLalic, Erlinda D. and Matic, Avelina J.
260 _aBulacan :
_bTrinitas Pub.
_c2004
300 _a279 p.
_c25 cm.
521 _acollege students
526 _c1210L-1700L
541 _j1
562 _e1
942 _2lcc
_cBK
_kFIL
999 _c18749
_d18749